[Event "GRE-chT 39th"]
[Site "Eretria"]
[Date "2011.07.03"]
[Round "1.1"]
[White "Gesos, Pavlos"]
[Black "Kotronias, Vasilios"]
[Result "0-1"]
[WhiteElo "2331"]
[BlackElo "2588"]
[PlyCount "54"]
[EventDate "2011.07.03"]
[EventType "team-swiss"]
[EventRounds "7"]
[EventCountry "GRE"]
[SourceTitle "CBM 143 Extra"]
[Source "ChessBase"]
[SourceDate "2011.08.29"]
[SourceVersion "1"]
[SourceVersionDate "2011.08.29"]
[SourceQuality "1"]
[WhiteTeam "Kallithea"]
[BlackTeam "Peristeriou"]
[WhiteTeamCountry "GRE"]
[BlackTeamCountry "GRE"]

1. c4 g6 2. Nf3 Nf6 3. g3 Bg7 4. Bg2 0-0 5. 0-0 d6 6. d4 Nbd7 7. Nc3 e5 8. Qc2 exd4 9. Nxd4 Nb6 10. Qd3 Ng4 11. b3 Qf6 12. e3 c5 13. Nde2 Ne5 14. Qd1 Nf3+ 15. Kh1 g5 16. e4 Bg4 17. Qd3 Nd7 18. Rb1 Nde5 19. Qe3 Qh6 20. h4 Qh5 21. Nd5 Rae8 22. Ng1 f5 23. exf5 gxh4 24. Nf4 Qxf5 25. Nxf3 Nxf3 26. Qd3 Qxd3 27. Nxd3 h3 0-1

[Event "GRE-chT 37th"]
[Site "Kallithea"]
[Date "2009.07.04"]
[Round "1"]
[White "Georgiadis, Ioannis"]
[Black "Gesos, Pavlos"]
[Result "1/2-1/2"]
[WhiteElo "2438"]
[BlackElo "2327"]
[PlyCount "90"]
[EventDate "2009.07.03"]
[EventType "tourn"]
[EventRounds "9"]
[EventCountry "GRE"]
[SourceTitle "CBM 131 Extra"]
[Source "ChessBase"]
[SourceDate "2009.09.03"]
[SourceVersion "2"]
[SourceVersionDate "2009.09.16"]
[SourceQuality "1"]

1. e4 c5 2. Nf3 Nc6 3. d4 cxd4 4. Nxd4 Nf6 5. Nc3 d6 6. Bg5 e6 7. Qd2 a6 8. 0-0-0 h6 9. Nxc6 bxc6 10. Bf4 d5 11. Qe3 Be7 12. Be2 0-0 13. h4 Nd7 14. Qg3 Kh8 15. Bc7 Qe8 16. Rhe1 Bb7 17. f4 Rc8 18. f5 d4 19. Rxd4 e5 20. Rxd7 Qxd7 21. Bxe5 f6 22. Rd1 Qe8 23. Bf4 Rd8 24. Rxd8 Qxd8 25. Qe3 Bd6 26. g3 Qc7 27. Na4 Bxf4 28. gxf4 Qa5 29. b3 Re8 30. Bh5 Re7 31. Nc5 Bc8 32. Qd4 Qc7 33. Kb2 a5 34. a4 Bd7 35. Qd2 Be8 36. Bxe8 Rxe8 37. Ne6 Qa7 38. e5 fxe5 39. fxe5 Qf7 40. Qd3 g6 41. Nf4 gxf5 42. h5 Kh7 43. Ng6 Qe6 44. Qd4 Qd5 45. Nf4 Qf7 1/2-1/2

[Event "GRE-chT 36th"]
[Site "Kallithea"]
[Date "2008.07.07"]
[Round "2.8"]
[White "Gesos, Pavlos"]
[Black "Tzermiadianos, Andreas"]
[Result "1/2-1/2"]
[WhiteElo "2321"]
[BlackElo "2455"]
[PlyCount "54"]
[EventDate "2008.07.06"]
[EventType "team-tourn"]
[EventRounds "7"]
[EventCountry "GRE"]
[SourceTitle "CBM 125 Extra"]
[Source "ChessBase"]
[SourceDate "2008.09.01"]
[SourceVersion "1"]
[SourceVersionDate "2008.09.01"]
[SourceQuality "1"]

1. Nf3 Nf6 2. g3 g6 3. Bg2 Bg7 4. 0-0 0-0 5. d4 d5 6. c4 dxc4 7. Ne5 Ne8 8. Na3 c5 9. Be3 Nd6 10. dxc5 Nf5 11. Qxd8 Rxd8 12. Naxc4 Nxe3 13. fxe3 f6 14. Rad1 Rf8 15. c6 bxc6 16. Nxc6 Nxc6 17. Bxc6 Rb8 18. Bd7 Rb7 19. Bxc8 Rxc8 20. b3 f5 21. Rd5 Bc3 22. Rfd1 Kg7 23. R1d3 Bb4 24. Rd7 Rcc7 25. Rxc7 Rxc7 26. a3 Bc5 27. b4 Bxb4 1/2-1/2

[Event "GRE-chT"]
[Site "Aghia Pelagia"]
[Date "2004.07.07"]
[Round "4.4"]
[White "Sigalas, Frangiskos"]
[Black "Gesos, Pavlos"]
[Result "1-0"]
[WhiteElo "2277"]
[BlackElo "2304"]
[PlyCount "77"]
[EventDate "2004.07.04"]
[EventType "team-tourn"]
[EventRounds "9"]
[EventCountry "GRE"]
[SourceTitle "CBM 101 Extra"]
[Source "ChessBase"]
[SourceDate "2004.09.01"]
[SourceVersion "2"]
[SourceVersionDate "2004.09.01"]
[SourceQuality "1"]
[WhiteTeam "13"]
[BlackTeam "14"]
[WhiteTeamCountry "GRE"]
[BlackTeamCountry "GRE"]

1. e4 c5 2. Nf3 Nc6 3. d4 cxd4 4. Nxd4 Qc7 5. Nc3 e6 6. Be3 Nf6 7. Be2 Bb4 8. Ndb5 Qb8 9. a3 Be7 10. f4 d6 11. g4 a6 12. Nd4 Nxd4 13. Qxd4 e5 14. Qd2 Bxg4 15. 0-0-0 Bxe2 16. Qxe2 Qc7 17. Rhg1 g6 18. fxe5 dxe5 19. Bg5 0-0 20. Rdf1 Qd6 21. Qf3 Kg7 22. Qh3 Ng8 23. Bd2 Qe6 24. Qf3 Rac8 25. Nd5 Rc6 26. Kb1 Rfc8 27. c3 b5 28. Rg2 a5 29. Rgf2 Rf8 30. Qe2 Rc4 31. h4 f5 32. Rg2 Rxe4 33. Qxb5 Bxh4 34. Qxa5 Rd8 35. Nc7 Qd7 36. Ka1 Bf6 37. Qb6 Qd6 38. Qxd6 Rxd6 39. Ne8+ 1-0

[Event "GRE-chT"]
[Site "Aghia Pelagia"]
[Date "2004.07.04"]
[Round "1.4"]
[White "Kapnisis, Spyridon"]
[Black "Gesos, Pavlos"]
[Result "1-0"]
[WhiteElo "2429"]
[BlackElo "2304"]
[PlyCount "75"]
[EventDate "2004.07.04"]
[EventType "team-tourn"]
[EventRounds "9"]
[EventCountry "GRE"]
[SourceTitle "CBM 101 Extra"]
[Source "ChessBase"]
[SourceDate "2004.09.01"]
[SourceVersion "2"]
[SourceVersionDate "2004.09.01"]
[SourceQuality "1"]
[WhiteTeam "03"]
[BlackTeam "14"]
[WhiteTeamCountry "GRE"]
[BlackTeamCountry "GRE"]

1. e4 c5 2. Nf3 Nc6 3. Bb5 g6 4. 0-0 Bg7 5. Nc3 e5 6. a3 Nge7 7. b4 cxb4 8. axb4 0-0 9. Bc4 d6 10. b5 Na5 11. Ba2 Be6 12. Bxe6 fxe6 13. Ng5 Rf6 14. Qg4 b6 15. Qh3 h6 16. Nxe6 Qc8 17. Nxg7 Qxh3 18. gxh3 Kxg7 19. d3 Rc8 20. Bd2 g5 21. Ra2 Rf3 22. Nd5 Nxd5 23. exd5 Rxh3 24. Bb4 Kg6 25. f3 Rh4 26. c4 Rd4 27. Ra3 Nb7 28. Rxa7 Nc5 29. Bxc5 Rxc5 30. Rd7 Rxd3 31. Rxd6+ Kf5 32. Rc6 Ra3 33. Rxc5 bxc5 34. Rb1 Kf6 35. b6 Ra8 36. Kf2 Rb8 37. b7 Ke7 38. Ke3 1-0

[Event "Athens Acropolis op"]
[Site "Athens"]
[Date "2003.08.30"]
[Round "6"]
[White "Kapnisis, Spyridon"]
[Black "Gesos, Pavlos"]
[Result "1-0"]
[WhiteElo "2392"]
[BlackElo "2316"]
[PlyCount "81"]
[EventDate "2003.08.25"]
[EventType "swiss"]
[EventRounds "9"]
[EventCountry "GRE"]
[SourceTitle "EXT 2004"]
[Source "ChessBase"]
[SourceDate "2003.11.25"]
[SourceVersion "1"]
[SourceVersionDate "2003.11.25"]
[SourceQuality "1"]

1. e4 c5 2. Nf3 a6 3. d3 g6 4. g3 Bg7 5. Bg2 Nc6 6. 0-0 d6 7. c3 e5 8. a3 Nge7 9. b4 0-0 10. Nbd2 h6 11. Bb2 Be6 12. Re1 b5 13. Rb1 Qc7 14. d4 exd4 15. cxd4 cxd4 16. Nb3 Ne5 17. Nfxd4 Bc4 18. Re3 Rad8 19. Na5 h5 20. f4 Ng4 21. Re1 d5 22. e5 Nh6 23. Bh3 Qb6 24. Kh1 Nhf5 25. Bxf5 Nxf5 26. Nxf5 gxf5 27. Bd4 Qg6 28. Nb7 Rb8 29. Nc5 Rfe8 30. Qf3 Bf8 31. Nd7 a5 32. Nf6+ Kh8 33. Nxe8 Rxe8 34. e6+ Kg8 35. exf7+ Qxf7 36. Rxe8 Qxe8 37. bxa5 b4 38. axb4 Bxb4 39. a6 Kh7 40. a7 Kg6 41. a8Q 1-0

[Event "Athens Acropolis op"]
[Site "Athens"]
[Date "2003.08.29"]
[Round "5"]
[White "Gesos, Pavlos"]
[Black "Balaskas, Panayotis"]
[Result "1-0"]
[WhiteElo "2316"]
[BlackElo "2140"]
[PlyCount "61"]
[EventDate "2003.08.25"]
[EventType "swiss"]
[EventRounds "9"]
[EventCountry "GRE"]
[SourceTitle "EXT 2004"]
[Source "ChessBase"]
[SourceDate "2003.11.25"]
[SourceVersion "1"]
[SourceVersionDate "2003.11.25"]
[SourceQuality "1"]

1. d4 Nf6 2. Nf3 b6 3. b3 Bb7 4. Bb2 d5 5. e3 e6 6. Bd3 Bd6 7. 0-0 Nbd7 8. Ne5 a6 9. Nd2 h5 10. f4 Qe7 11. a4 a5 12. Qe2 0-0-0 13. Ba6 Nb8 14. Bxb7+ Kxb7 15. c4 c5 16. Qf3 Nc6 17. Nxc6 Kxc6 18. e4 dxe4 19. Nxe4 Nxe4 20. Qxe4+ Kc7 21. Kh1 f5 22. Qf3 Rh6 23. Rac1 g5 24. fxg5 Qxg5 25. dxc5 bxc5 26. Bc3 Kb6 27. Bxa5+ Kxa5 28. Qc6 Kb4 29. a5 Ka3 30. Qa4+ Kb2 31. Rf2+ 1-0

[Event "Athens Acropolis op"]
[Site "Athens"]
[Date "2003.08.28"]
[Round "4"]
[White "Sigalas, Frangiskos"]
[Black "Gesos, Pavlos"]
[Result "1/2-1/2"]
[WhiteElo "2182"]
[BlackElo "2316"]
[PlyCount "49"]
[EventDate "2003.08.25"]
[EventType "swiss"]
[EventRounds "9"]
[EventCountry "GRE"]
[SourceTitle "EXT 2004"]
[Source "ChessBase"]
[SourceDate "2003.11.25"]
[SourceVersion "1"]
[SourceVersionDate "2003.11.25"]
[SourceQuality "1"]

1. e4 g6 2. d4 Bg7 3. Nc3 c6 4. Nf3 b5 5. e5 d6 6. Bf4 d5 7. Bd3 Na6 8. 0-0 Nc7 9. h3 h5 10. Re1 Nh6 11. Nh4 Nf5 12. Nxf5 Bxf5 13. Bxf5 gxf5 14. h4 Ne6 15. Ne2 Qb6 16. Qd3 Nxf4 17. Nxf4 e6 18. b4 Bf8 19. c3 Be7 20. g3 a5 21. a3 Kd7 22. Qf3 Rag8 23. Kf1 Rg4 24. Ke2 a4 25. Rh1 1/2-1/2

[Event "GRE-ch51"]
[Site "Athens"]
[Date "2001.12.08"]
[Round "7"]
[White "Vouldis, Angelos"]
[Black "Gesos, Pavlos"]
[Result "1/2-1/2"]
[WhiteElo "2508"]
[BlackElo "2351"]
[PlyCount "80"]
[EventDate "2001.12.03"]
[EventType "tourn"]
[EventRounds "9"]
[EventCountry "GRE"]
[EventCategory "9"]
[SourceTitle "EXT 2003"]
[Source "ChessBase"]
[SourceDate "2002.11.25"]
[SourceVersion "1"]
[SourceVersionDate "2002.11.25"]
[SourceQuality "1"]

1. e4 c5 2. Nf3 Nc6 3. d4 cxd4 4. Nxd4 Nf6 5. Nc3 d6 6. Bg5 e6 7. Qd2 Be7 8. 0-0-0 a6 9. f4 Bd7 10. Nf3 h6 11. Bxf6 gxf6 12. f5 Qa5 13. Bc4 0-0-0 14. Bb3 h5 15. g3 Kb8 16. Kb1 Rc8 17. Rhe1 Ne5 18. Nxe5 fxe5 19. Rf1 Rcg8 20. fxe6 fxe6 21. Rf7 Qd8 22. Rf3 h4 23. a3 hxg3 24. hxg3 Rf8 25. Rd3 Qc7 26. Qe3 Rh2 27. Na4 Bb5 28. Rc3 Qa5 29. Nb6 Re2 30. Nd7+ Ka8 31. Qb6 Qxb6 32. Nxb6+ Kb8 33. Bc4 Bxc4 34. Nd7+ Ka7 35. Nxf8 Rxe4 36. Ng6 Bg5 37. Rxc4 Rxc4 38. Rxd6 Rg4 39. Nxe5 Rxg3 40. Nf7 e5 1/2-1/2

[Event "GRE-ch51"]
[Site "Athens"]
[Date "2001.12.05"]
[Round "4"]
[White "Gesos, Pavlos"]
[Black "Moutousis, Konstantinos"]
[Result "0-1"]
[WhiteElo "2351"]
[BlackElo "2448"]
[PlyCount "50"]
[EventDate "2001.12.03"]
[EventType "tourn"]
[EventRounds "9"]
[EventCountry "GRE"]
[EventCategory "9"]
[SourceTitle "EXT 2003"]
[Source "ChessBase"]
[SourceDate "2002.11.25"]
[SourceVersion "1"]
[SourceVersionDate "2002.11.25"]
[SourceQuality "1"]

1. e4 e6 2. d4 d5 3. Nd2 Nf6 4. e5 Nfd7 5. Bd3 c5 6. c3 Nc6 7. Ne2 cxd4 8. cxd4 f6 9. exf6 Nxf6 10. 0-0 Bd6 11. Nf3 Qc7 12. Bg5 0-0 13. Rc1 a6 14. Re1 Bd7 15. Ng3 Ng4 16. Bd2 g6 17. Re2 Rae8 18. Qc2 Re7 19. a3 Qb8 20. Bc3 Ref7 21. Rce1 Qd8 22. Nf1 Rxf3 23. gxf3 Rxf3 24. Kg2 Qh4 25. Kxf3 Qh3+ 0-1

[Event "GRE-ch51"]
[Site "Athens"]
[Date "2001.12.02"]
[Round "1"]
[White "Banikas, Hristos"]
[Black "Gesos, Pavlos"]
[Result "1/2-1/2"]
[WhiteElo "2526"]
[BlackElo "2351"]
[PlyCount "105"]
[EventDate "2001.12.03"]
[EventType "tourn"]
[EventRounds "9"]
[EventCountry "GRE"]
[EventCategory "9"]
[SourceTitle "EXT 2003"]
[Source "ChessBase"]
[SourceDate "2002.11.25"]
[SourceVersion "1"]
[SourceVersionDate "2002.11.25"]
[SourceQuality "1"]

1. d4 Nf6 2. c4 g6 3. Nc3 d5 4. cxd5 Nxd5 5. e4 Nxc3 6. bxc3 Bg7 7. Be3 c5 8. Qd2 0-0 9. Nf3 Bg4 10. Ng5 Qa5 11. Rb1 b6 12. Rb5 Qa4 13. Rb3 Bd7 14. Nf3 Rd8 15. Bd3 Nc6 16. Bb5 Qa5 17. d5 Ne5 18. Be2 c4 19. Rb4 Nxf3+ 20. Bxf3 Qa3 21. Bd4 Bxd4 22. Qxd4 Qxa2 23. 0-0 b5 24. e5 Rab8 25. h4 Qa5 26. h5 Qb6 27. Qh4 a5 28. Rb2 Qc5 29. g3 Bf5 30. hxg6 Bxg6 31. Rd2 e6 32. Rfd1 exd5 33. Bxd5 Re8 34. e6 fxe6 35. Be4 Qe7 36. Qg4 Qf6 37. Rd7 Rf8 38. Bxg6 hxg6 39. Qe2 Rf7 40. R7d6 Re8 41. Rb6 Qxc3 42. Rxb5 Qf3 43. Qxf3 Rxf3 44. Rxa5 Rd3 45. Rxd3 cxd3 46. Kf1 Rb8 47. Ke1 Rb1+ 48. Kd2 Rf1 49. f4 Rf3 50. Re5 Rxg3 51. Rxe6 Kf7 52. Re3 Rg4 53. Rf3 1/2-1/2

[Event "Nikaia op 09th"]
[Site "Nikaia"]
[Date "2001.08.20"]
[Round "3"]
[White "Katsiris, Ioannis"]
[Black "Gesos, Pavlos"]
[Result "1/2-1/2"]
[WhiteElo "2086"]
[BlackElo "2351"]
[PlyCount "95"]
[EventDate "2001.08.18"]
[EventType "swiss"]
[EventRounds "9"]
[EventCountry "GRE"]
[SourceTitle "EXT 2002"]
[Source "ChessBase"]
[SourceDate "2001.11.25"]
[SourceVersion "1"]
[SourceVersionDate "2001.11.25"]
[SourceQuality "1"]

1. d4 Nf6 2. c4 g6 3. Nc3 d5 4. cxd5 Nxd5 5. Nf3 Bg7 6. Qb3 Nxc3 7. bxc3 0-0 8. e3 c5 9. Be2 Nc6 10. 0-0 Qc7 11. Ba3 Be6 12. Qc2 Bf5 13. e4 Bg4 14. Bxc5 b6 15. Ba3 Bxf3 16. Bxf3 Nxd4 17. Qd3 Nxf3+ 18. Qxf3 Qxc3 19. Qxc3 Bxc3 20. Rac1 Rac8 21. Bxe7 Rfe8 22. Bg5 Rxe4 23. Rfd1 Kg7 24. Be3 Rec4 25. Rd7 b5 26. Rxa7 b4 27. g3 Kf6 28. Rd1 R8c7 29. Rxc7 Rxc7 30. Rd6+ Ke7 31. Ra6 Kd7 32. Kf1 Rc6 33. Rxc6 Kxc6 34. Ke2 Kd5 35. Kd3 Be5 36. h3 f5 37. g4 fxg4 38. hxg4 h5 39. gxh5 gxh5 40. Bg5 Bd4 41. Bh4 Bc5 42. f3 Bd6 43. Be1 Be7 44. Ke3 Ke5 45. f4+ Kf5 46. Kf3 Bd6 47. Bd2 h4 48. Be1 1/2-1/2

[Event "Glyfada op 2nd"]
[Site "Glyfada"]
[Date "2000.??.??"]
[Round "7"]
[White "Gesos, Pavlos"]
[Black "Koukoufikis, Alexandros"]
[Result "1-0"]
[WhiteElo "2364"]
[BlackElo "2181"]
[PlyCount "33"]
[EventDate "2000.08.??"]
[EventType "swiss"]
[EventRounds "9"]
[EventCountry "GRE"]
[SourceTitle "EXT 2001"]
[Source "ChessBase"]
[SourceDate "2000.11.22"]
[SourceVersion "1"]
[SourceVersionDate "2000.11.22"]
[SourceQuality "1"]

1. e4 d6 2. d4 g6 3. Nc3 Bg7 4. Be3 c6 5. a3 Nd7 6. Qd2 Ngf6 7. Bh6 0-0 8. Bxg7 Kxg7 9. 0-0-0 b5 10. e5 Ne8 11. h4 dxe5 12. h5 Rh8 13. dxe5 Nc7 14. Nf3 Ne6 15. Nd4 Nxe5 16. Nxe6+ Bxe6 17. h6+ 1-0

[Event "Nikaia op 08th"]
[Site "Nikaia"]
[Date "2000.??.??"]
[Round "?"]
[White "Markidis, Konstantinos"]
[Black "Gesos, Pavlos"]
[Result "1-0"]
[WhiteElo "2337"]
[BlackElo "2364"]
[PlyCount "71"]
[EventDate "2000.08.??"]
[EventType "swiss"]
[EventRounds "9"]
[EventCountry "GRE"]
[SourceTitle "EXT 2001"]
[Source "ChessBase"]
[SourceDate "2000.11.22"]
[SourceVersion "1"]
[SourceVersionDate "2000.11.22"]
[SourceQuality "1"]

1. e4 c5 2. Nf3 e6 3. d4 cxd4 4. Nxd4 Nc6 5. Nc3 a6 6. g3 d6 7. Bg2 Nge7 8. Nb3 b5 9. 0-0 Bb7 10. Bg5 Qc7 11. Re1 h6 12. Be3 Nc8 13. a4 b4 14. Ne2 Be7 15. Nf4 Bf6 16. Bc1 g6 17. a5 N8a7 18. Nd3 Rb8 19. Be3 Bc8 20. Qd2 Rb5 21. f4 0-0 22. Qf2 Bd7 23. Bb6 Qb8 24. e5 Bd8 25. Bxd8 Rxd8 26. exd6 Qxd6 27. Ndc5 Bc8 28. Ne4 Qc7 29. Red1 Kg7 30. Rxd8 Qxd8 31. Bf3 Rd5 32. Ned2 Rd7 33. Nc4 Nd4 34. Nxd4 Rxd4 35. Ne5 f6 36. c3 1-0

[Event "Ano Liosia op 10th"]
[Site "Athens"]
[Date "1999.??.??"]
[Round "2"]
[White "Gesos, Pavlos"]
[Black "Guseinov, Elmir"]
[Result "1/2-1/2"]
[WhiteElo "2380"]
[BlackElo "2260"]
[PlyCount "62"]
[EventDate "1999.01.02"]
[EventType "swiss"]
[EventRounds "9"]
[EventCountry "GRE"]
[SourceTitle "EXT 2000"]
[Source "ChessBase"]
[SourceDate "1999.11.16"]
[SourceVersion "1"]
[SourceVersionDate "1999.11.16"]
[SourceQuality "1"]

1. e4 c5 2. Nf3 d6 3. d4 cxd4 4. Nxd4 Nf6 5. Nc3 g6 6. Be2 Bg7 7. 0-0 0-0 8. Bg5 Nc6 9. Nb3 a6 10. Re1 b5 11. Bf1 h6 12. Bh4 Bb7 13. Nd5 Nd7 14. c3 Re8 15. f3 Nb6 16. Nxb6 Qxb6+ 17. Bf2 Qc7 18. Nd4 Qa5 19. Qb3 Rab8 20. Nxc6 Bxc6 21. a3 Rec8 22. Rad1 Bd7 23. Rd2 Qc7 24. Bd4 a5 25. Bxg7 Kxg7 26. Qd5 Be6 27. Qd4+ Kg8 28. Qe3 Qc5 29. Qxc5 dxc5 30. Rc1 c4 31. Kf2 b4 1/2-1/2

[Event "Ano Liosia op 10th"]
[Site "Athens"]
[Date "1999.??.??"]
[Round "6"]
[White "Gesos, Pavlos"]
[Black "Halkias, Stelios"]
[Result "1-0"]
[WhiteElo "2380"]
[BlackElo "2414"]
[PlyCount "57"]
[EventDate "1999.01.02"]
[EventType "swiss"]
[EventRounds "9"]
[EventCountry "GRE"]
[SourceTitle "EXT 2000"]
[Source "ChessBase"]
[SourceDate "1999.11.16"]
[SourceVersion "1"]
[SourceVersionDate "1999.11.16"]
[SourceQuality "1"]

1. Nf3 c5 2. g3 Nc6 3. c4 e6 4. Bg2 d5 5. 0-0 Nf6 6. d4 Be7 7. Nc3 0-0 8. cxd5 exd5 9. b3 Ne4 10. Bb2 Bf6 11. e3 Bg4 12. Ne2 Qa5 13. Re1 Rfe8 14. h3 Bxf3 15. Bxf3 Rad8 16. Bg2 Bg5 17. dxc5 Nxf2 18. Kxf2 Bxe3+ 19. Kf1 Bd2 20. Qc2 d4 21. Be4 Bxe1 22. Rxe1 Nb4 23. Bxh7+ Kh8 24. Qf5 Re6 25. Bxd4 Nc2 26. Qxc2 Rxd4 27. Bd3 Rf6+ 28. Nf4 g5 29. Qe2 1-0

[Event "Ano Liosia op 10th"]
[Site "Athens"]
[Date "1999.??.??"]
[Round "4"]
[White "Gesos, Pavlos"]
[Black "Stanojoski, Zvonko"]
[Result "1-0"]
[WhiteElo "2380"]
[BlackElo "2471"]
[PlyCount "129"]
[EventDate "1999.01.02"]
[EventType "swiss"]
[EventRounds "9"]
[EventCountry "GRE"]
[SourceTitle "EXT 2000"]
[Source "ChessBase"]
[SourceDate "1999.11.16"]
[SourceVersion "1"]
[SourceVersionDate "1999.11.16"]
[SourceQuality "1"]

1. e4 c5 2. Nf3 d6 3. d4 cxd4 4. Nxd4 Nf6 5. Nc3 g6 6. Be3 Bg7 7. f3 0-0 8. Qd2 Nc6 9. 0-0-0 Nxd4 10. Bxd4 Be6 11. Kb1 Qc7 12. g4 Rfc8 13. h4 Qa5 14. Qg5 Qxg5 15. hxg5 Nd7 16. Bxg7 Kxg7 17. Be2 Ne5 18. Rh4 Bc4 19. Rdh1 Rh8 20. Bxc4 Nxc4 21. Kc1 Nb6 22. Kd2 Rac8 23. b3 Rc5 24. f4 e6 25. Nd1 d5 26. Nf2 dxe4 27. Nxe4 Rd5+ 28. Ke3 Ra5 29. a4 Nd5+ 30. Kf3 b5 31. axb5 Rxb5 32. Ra1 Rb7 33. Nd6 Rd7 34. Nb5 Nb4 35. c3 a6 36. Nd4 Rc8 37. Ne2 Nd5 38. Rah1 Rh8 39. Ra1 Rc7 40. c4 Nb4 41. Rd1 Nc6 42. Ke4 Rb7 43. Rh3 Rhb8 44. Rd6 Nb4 45. Nd4 Re8 46. Rh1 Rh8 47. Nf3 Na2 48. Rxa6 Nc3+ 49. Kd3 Rxb3 50. Nd2 Rd8+ 51. Kc2 Rxd2+ 52. Kxb3 Ne4 53. Ra2 Nc5+ 54. Ka3 Rd4 55. Kb4 Nd7 56. Rf1 e5 57. f5 gxf5 58. gxf5 Nb6 59. Rc1 Nd5+ 60. Kb5 Ne3 61. Re2 Rd3 62. c5 Nxf5 63. Rxe5 Kg6 64. c6 Rb3+ 65. Kc5 1-0